000 00927nam a2200229 a 4500
001 44748
003 BD-RjUL
005 20211209053917.0
008 160720s1964 ii ||||| |||| 00| 0 ben d
020 _c: Tk. 12.50
035 _a(BD-RjUL)44866
040 _aBD-RjUL
_bben
_cBD-RjUL
041 _aben
082 _223
_a801
_bMUS 1964
100 1 _aমুখোপাধ্যায়, মণীন্দ্রনাথ
_9137195
245 1 0 _aসাহিত্য দর্শনের ভূমিকা /
_cমণীন্দ্রনাথ মুখোপাধ্যায়
260 _aকলিকাতা :
_bমডার্ণ বুক এজেন্সী প্রাইভেট লিমিটেড,
_c১৯৬৪
300 _a৪০৪ ‍পৃ. ;
_c২১ সেমি.
650 _aসাহিত্য
_xদর্শন
_9119733
650 _aLiterature
_xPhilosophy
_9137196
942 _2ddc
_cBK
999 _c44748
_d44748